|
|
|
|
| LEADER |
00000nam0a2200000 4500 |
| 001 |
311790 |
| 005 |
20231102002424.0 |
| 020 |
|
|
|a RU
|b 81-81475
|
| 035 |
|
|
|a (RuTPU)RU\TPU\book\337155
|
| 090 |
|
|
|a 311790
|
| 100 |
|
|
|a 20151211d1981 km y0rusy5003 ca
|
| 101 |
0 |
|
|a rus
|
| 102 |
|
|
|a RU
|
| 105 |
|
|
|a y z 001zy
|
| 200 |
1 |
|
|a Методология инженерной психологии, психологии труда и управления
|f Академия наук СССР (АН СССР), Институт психологии (ИП) ; под ред. Б. Ф. Ломова, В. Ф. Венды
|
| 210 |
|
|
|a Москва
|c Наука
|d 1981
|
| 215 |
|
|
|a 285 с.
|
| 320 |
|
|
|a Библиогр. в конце ст.
|
| 606 |
1 |
|
|a Инженерная психология
|2 stltpush
|3 (RuTPU)RU\TPU\subj\12577
|9 39340
|
| 610 |
1 |
|
|a труд
|
| 610 |
1 |
|
|a управление
|
| 610 |
1 |
|
|a методология
|
| 610 |
1 |
|
|a анализ
|
| 610 |
1 |
|
|a познавательная деятельность
|
| 610 |
1 |
|
|a человек-оператор
|
| 610 |
1 |
|
|a АСУ
|
| 610 |
1 |
|
|a проектирование
|
| 610 |
1 |
|
|a экстремальные условия
|
| 610 |
1 |
|
|a трудовые процессы
|
| 610 |
1 |
|
|a моделирование
|
| 610 |
1 |
|
|a прикладная психология
|
| 686 |
|
|
|a Ю941.1
|2 rubbk
|
| 702 |
|
1 |
|a Ломов
|b Б. Ф.
|g Борис Федорович
|4 340
|
| 702 |
|
1 |
|a Венда
|b В. Ф.
|4 340
|
| 712 |
0 |
2 |
|a Академия наук СССР (АН СССР)
|b Институт психологии (ИП)
|c (Москва)
|2 stltpush
|3 (RuTPU)RU\TPU\col\11340
|
| 801 |
|
0 |
|a RU
|b RuMRKP
|c 19950704
|g psbo
|
| 801 |
|
1 |
|a RU
|b 63413507
|c 20151211
|
| 801 |
|
2 |
|a RU
|b 63413507
|c 20230131
|g RCR
|
| 942 |
|
|
|c BK
|